[Event "8th Vidmar Memorial"]
[Site "Rogaska Slatina YUG"]
[Date "1989.06.23"]
[Round "13"]
[White "Gostisa, Leon"]
[Black "Grosar, Aljosa"]
[Result "1/2-1/2"]
[WhiteElo "2420"]
[BlackElo "2365"]
[EventDate "1989.06.07"]
[PlyCount "81"]

1.d4 Nf6 2.Nf3 e6 3.c4 d5 4.Nc3 Be7 5.Bg5 h6 6.Bh4 O-O 7.cxd5 Nxd5 8.Bxe7 
Qxe7 9.Qb3 Rd8 10.Rc1 b6 11.Nxd5 exd5 12.e3 Be6 13.Bb5 c5 14.Qa3 Rc8 15.
O-O a6 16.dxc5 bxc5 17.Ba4 Nd7 18.Bxd7 Bxd7 19.Rc3 Bg4 20.Nd4 Qg5 21.f4 
Qg6 22.Rxc5 Bh3 23.Rf2 Qb1+ 24.Rf1 Qg6 25.Rf2 Rxc5 26.Qxc5 Rc8 27.Qxd5 
Rc1+ 28.Rf1 Qd3 29.Rxc1 Qxe3+ 30.Kf1 Qxc1+ 31.Kf2 Qxb2+ 32.Ne2 Be6 33.Qa8+
Kh7 34.Qxa6 Bxa2 35.Qd3+ g6 36.f5 Qf6 37.Qf3 Kg7 38.fxg6 Qxf3+ 39.Kxf3 
fxg6 40.g3 Kf6 41.h4 1/2-1/2